Lehetséges-e marxista természetfilozófia?
Elmentve itt :
| Szerző: | |
|---|---|
| Adatforrás: | Philobibl |
| Forrásdokumentuma: | Filozófiai Figyelő 7 1985/1-2., 154-163. p. |
| Dokumentumtípus: | Cikk |
| Nyelv: | magyar |
| LEADER | 00302nab a2200097 c 4500 | ||
|---|---|---|---|
| 001 | bibDOK00002315 | ||
| 005 | 20200924115852.4 | ||
| 008 | 060518s1985 hu hun | ||
| 100 | 1 | |a Rádi Péter | |
| 245 | 1 | 0 | |a Lehetséges-e marxista természetfilozófia? |c Rádi Péter |
| 773 | 0 | |t Filozófiai Figyelő 7 |g 1985/1-2., 154-163. p. | |